000 00825nam a2200229 a 4500
001 000044887
005 20240412074304.0
008 150115s2014 dr a 000 j spa d
020 _a9789945589146
040 _aDO-SdBNP
_bspa
_cBNPHU
082 _aRD863.5
_bS587t
100 1 _aSilverio Pozo, Maritza
_d1974-
_972898
245 1 0 _aTeoría de la Vida. /
_cMaritza Silverio Pozo; prólogo, Eulogio Javier; ilustraciones, Rafael Nicólas Gómez.
260 _aSanto Domingo :
_bBúho,
_c2014.
300 _a67 p. :
_bil. ;
_c22 cm.
500 _aIncluye datos biografícos de la autora en las solapas
650 0 _aCuentos dominicanos
_9176
650 0 _aLiteratura dominicana.
_967
700 1 2 _aJavier, Eulogio
_eprol.
_953440
700 1 2 _aGómez, Rafael Nicólas
_eil.
_972899
910 _aValidado. Control de calidad MFF
999 _c44376
_d44376